000 00645nam a2200241 i 4500
999 _c95748
_d95748
001 C2-0290511
003 PPAK
005 20180728023008.0
008 081008s2008 cc a|||| ||||| | chi d
020 _a7807140372
040 _aPPAK
_beng
_cPPAK
_erda
082 0 4 _a745.54
_223
090 0 0 _a745.54
_bWEN
_dRK
100 1 _aWen, Ya Li,
_eauthor
245 1 0 _aQu wei jian zhi
264 1 _aBeijing :
_bGan su wen huo chu banshe ,
_c2008
300 _a68 pages :
_billustrations ;
_c18 cm
336 _2rdacontent
_atext
337 _2rdamedia
_aunmediated
338 _2rdacarrier
_avolume
650 1 0 _aPaper, Handmade
942 _cB
_2ddc